Objectives and standards of performance in production management (Record no. 30305)

MARC details
000 -LEADER
fixed length control field 00349nam a2200121Ia 4500
082 ## - DEWEY DECIMAL CLASSIFICATION NUMBER
Classification number 658.5
Item number MIL
100 ## - MAIN ENTRY--AUTHOR NAME
Personal name Miller, Ernest C
245 #0 - TITLE STATEMENT
Title Objectives and standards of performance in production management
260 ## - PUBLICATION, DISTRIBUTION, ETC. (IMPRINT)
Place of publication Bombay
Name of publisher Taraporevala
Year of publication 1976
650 ## - SUBJECT ADDED ENTRY--TOPICAL TERM
Topical Term Production management
942 ## - ADDED ENTRY ELEMENTS (KOHA)
Koha item type Books
Holdings
Withdrawn status Lost status Damaged status Not for loan Home library Current library Date acquired Cost, normal purchase price Full call number Accession Number Koha item type
        RRII Library RRII Library 16/12/2021 12.00 658.5 MIL 10879 Books